Statistics for 中華人民共和国の地級市

Click here to take the quiz!

General Stats

  • This quiz has been taken 17 times
  • The average score is 59 of 293

Answer Stats

Answer% Correct
青島市
83%
南京市
83%
広州市
75%
ラサ市
75%
西安市
75%
大連市
75%
石家荘市
67%
昆明市
67%
ハルビン市
67%
ウルムチ市
58%
蘇州市
58%
フフホト市
58%
成都市
58%
福州市
58%
杭州市
58%
洛陽市
58%
武漢市
58%
煙台市
50%
蘭州市
50%
鄭州市
50%
連雲港市
50%
西寧市
50%
長春市
50%
汕頭市
50%
廈門市
50%
南寧市
50%
丹東市
50%
貴陽市
50%
包頭市
50%
済南市
50%
銀川市
50%
鎮江市
42%
深圳市
42%
海口市
42%
徐州市
42%
無錫市
42%
珠海市
42%
唐山市
42%
桂林市
42%
長沙市
42%
チチハル市
42%
大同市
42%
南昌市
42%
瀋陽市
42%
合肥市
42%
鞍山市
42%
寧波市
42%
吉林市
42%
南通市
33%
泉州市
33%
赤峰市
33%
景徳鎮市
33%
秦皇島市
33%
大慶市
33%
張家口市
33%
黒河市
33%
牡丹江市
33%
太原市
33%
開封市
33%
温州市
33%
商丘市
33%
常州市
33%
三亜市
33%
潮州市
33%
塩城市
33%
仏山市
33%
東莞市
33%
泰州市
25%
紹興市
25%
南充市
25%
自貢市
25%
馬鞍山市
25%
鶴崗市
25%
九江市
25%
衡陽市
25%
恵州市
25%
撫順市
25%
廊坊市
25%
伊春市
25%
安陽市
25%
日照市
25%
揚州市
25%
威海市
25%
茂名市
25%
許昌市
25%
中山市
25%
クムル市
25%
邯鄲市
25%
保定市
25%
漢中市
25%
三沙市
25%
酒泉市
25%
オルドス市
25%
綿陽市
25%
徳州市
17%
遼源市
17%
泰安市
17%
延安市
17%
葫芦島市
17%
荊門市
17%
宝鶏市
17%
荊州市
17%
黄岡市
17%
淮安市
17%
咸陽市
17%
通遼市
17%
淄博市
17%
宜昌市
17%
フルンボイル市
17%
四平市
17%
常徳市
17%
宿遷市
17%
朝陽市
17%
バヤンノール市
17%
松原市
17%
臨沂市
17%
通化市
17%
蚌埠市
17%
本渓市
17%
岳陽市
17%
白城市
17%
株洲市
17%
北海市
17%
攀枝花市
17%
嘉興市
17%
広安市
17%
広元市
17%
楽山市
17%
三明市
17%
欽州市
17%
柳州市
17%
防城港市
17%
台州市
17%
信陽市
17%
百色市
17%
肇慶市
17%
嘉峪関市
17%
宜賓市
17%
麗江市
17%
江門市
17%
承徳市
17%
金華市
17%
黄山市
17%
双鴨山市
17%
亳州市
17%
三門峡市
17%
晋中市
17%
臨汾市
17%
南陽市
17%
滁州市
17%
焦作市
17%
淮南市
17%
阜陽市
17%
カラマイ市
17%
営口市
17%
鶏西市
17%
淮北市
17%
ジャムス市
17%
七台河市
17%
昭通市
8%
安康市
8%
銅川市
8%
商洛市
8%
臨滄市
8%
呉忠市
8%
保山市
8%
衢州市
8%
麗水市
8%
海東市
8%
曲靖市
8%
中衛市
8%
湖州市
8%
玉渓市
8%
長治市
8%
トルファン市
8%
巴中市
8%
棗荘市
8%
晋城市
8%
濰坊市
8%
呂梁市
8%
朔州市
8%
聊城市
8%
済寧市
8%
陽泉市
8%
東営市
8%
運城市
8%
浜州市
8%
達州市
8%
渭南市
8%
徳陽市
8%
瀘州市
8%
眉山市
8%
楡林市
8%
内江市
8%
遂寧市
8%
雅安市
8%
資陽市
8%
ニンティ市
8%
チャムド市
8%
シガツェ市
8%
石嘴山市
8%
安慶市
8%
固原市
8%
貴港市
8%
清遠市
8%
汕尾市
8%
韶関市
8%
陽江市
8%
雲浮市
8%
湛江市
8%
崇左市
8%
河池市
8%
掲陽市
8%
賀州市
8%
来賓市
8%
玉林市
8%
六盤水市
8%
銅仁市
8%
遵義市
8%
鉄嶺市
8%
滄州市
8%
梅州市
8%
河源市
8%
邢台市
8%
南平市
8%
池州市
8%
六安市
8%
宿州市
8%
銅陵市
8%
蕪湖市
8%
宣城市
8%
竜岩市
8%
寧徳市
8%
張掖市
8%
漳州市
8%
白銀市
8%
定西市
8%
金昌市
8%
平涼市
8%
慶陽市
8%
天水市
8%
武威市
8%
衡水市
8%
儋州市
8%
舟山市
8%
贛州市
8%
吉安市
8%
烏海市
8%
ウランチャブ市
8%
張家界市
8%
萍郷市
8%
益陽市
8%
上饒市
8%
新余市
8%
湘潭市
8%
邵陽市
8%
宜春市
8%
懐化市
8%
鷹潭市
8%
孝感市
8%
咸寧市
8%
襄陽市
8%
錦州市
8%
鶴壁市
8%
盤錦市
8%
平頂山市
8%
遼陽市
8%
新郷市
8%
阜新市
8%
随州市
8%
周口市
8%
白山市
8%
駐馬店市
8%
鄂州市
8%
黄石市
8%
十堰市
8%
撫州市
8%
莆田市
0%
忻州市
0%
普洱市
0%
隴南市
0%
永州市
0%
菏沢市
0%
ナクチュ市
0%
綏化市
0%
婁底市
0%
郴州市
0%
梧州市
0%
安順市
0%
畢節市
0%
濮陽市
0%
漯河市
0%
山南市
0%

Score Distribution

Percentile by Number Answered

Percent of People with Each Score

Your Score History

You have not taken this quiz